| 000 | 01287cam a2200289 4500 | ||
|---|---|---|---|
| 001 | ##J105291 | ||
| 008 | 000000n2000 000 0 eng u | ||
| 035 | _a(Sirsi) u105291 | ||
| 041 | 0 | _aeng | |
| 050 | 0 | 4 | _a336.21 $2 18 |
| 100 | 1 | _aPartridge, Charles | |
| 245 | 0 | 0 |
_aRevaluation revelations 2000 _h[sound recording] |
| 260 |
_aLondon _bRICS _c2000 |
||
| 300 |
_a1 _fsound cassette (60 min.) |
||
| 350 | _a14.10 | ||
| 490 | 0 | _aOwlion Audio Programme | |
| 520 | _aAimed at practitioners who need to know about the rating system effective April 2000, including guidance on checking rate liability, using the new uniform business rate and the revised transitional relief scheme. Also discusses the programming of appeals decisions of the Lands Tribunal and higher courts and differences of opinion that practitioners need to be aware of when discussing assessments with valuation officers. | ||
| 520 | _aWithdrawn 1 October 2006 | ||
| 650 | 2 | 4 | _aUNIFORM BUSINESS RATE |
| 650 | 2 | 4 | _aRATING REVALUATION 2000 |
| 651 | 4 |
_aEngland and Wales _y1543- |
|
| 690 | _aPROPERTY-COMMERCIAL PROPERTY-COMMERCIAL PROPERTY TAXATION | ||
| 700 | 1 | _aSanderson, Paul | |
| 710 | 2 |
_aRoyal Institution of Chartered Surveyors _94900 |
|
| 710 | 2 |
_aCollege of Estate Management _9400 |
|
| 942 | _n0 | ||
| 999 |
_c85403 _d85403 |
||